Les 20 villes les plus peuplées des Cotes-d'Armor - Statistiques

Statistiques générales
  • Ce quiz a été pris 93 fois
  • Le résultat moyen est 8 sur 20
Statistiques - réponses
Population Villes % Correct
44 224 Saint-Brieuc
99%
20 344 Lannion
91%
7 105 Guingamp
83%
14 675 Dinan
79%
7 191 Paimpol
62%
7 175 Perros-Guirec
56%
9 762 Loudéac
52%
14 704 Plérin
51%
7 886 Langueux
49%
16 845 Lamballe-Armor
45%
11 369 Ploufragan
43%
4 987 Yffiniac
31%
7 316 Pordic
18%
6 910 Plédran
16%
4 839 Begard
14%
8 450 Trégeux
14%
6 413 Le Mené
13%
4 596 Plouha
13%
6 881 Binic-Étables-sur-Mer
10%
5 411 Ploumagoar
8%
Aucun quiz correspondant
Distribution des résultats
% des personnes avec chaque résultat
Percentile par nombre de réponses
Votre historique - résultats
Vous n’avez pas pris ce quiz